00822nam a2200229 a 450000100060000000300090000600800410001502000150005604000280007108200150009910000270011424500430014126000380018430000110022249000580023359000640029165000300035565000280038594200120041399900170042595201500044218990CO-ViMGA141112s2004 ck r 000 u spa d a847112419X aCO-ViMGAbspacCO-ViMGA04a155.4 A7741 aAstington, J.W.92717610aEl Descubrimiento infantil de la mente aMadrid : bEdiciones Morata; 2004 a246 p. aColección Psicología : El desarrollo en el Niño aForma de adquisición : Proyecto 2005 - - Precio : 60.30014aPSICOLOGIA INFANTIL9163114aTEORIA DEL CONOCIMIENTO 2ddccBK c28180d28180 00102ddc40708002aMEVIECARbMEVIECARd2015-12-04hVolumen. 1 | 11/jun/2009l0o155.4 A774 p18990r2015-12-04 00:00:00tEj. 1w2015-12-04yBK